| 000 | 00883cam a2200253 a 4500 | ||
|---|---|---|---|
| 001 | 000039708 | ||
| 005 | 20201002033707.0 | ||
| 008 | 910606s19uu sp 000 s spa | ||
| 020 | _a847758317X | ||
| 040 |
_aDO-SdBNP _bspa _cBNPHU |
||
| 082 |
_a851.1 _bA411div |
||
| 100 | 1 |
_aAlighieri, Dante, _d1265-1321. _913825 |
|
| 245 | 1 | 3 |
_aLa Divina Comedia / _cDante Alighieri. |
| 260 |
_aMadrid : _bClub Internacional del Libro, _c[190?]. |
||
| 300 |
_av. (539) (303) p. ; _c22 cm. |
||
| 490 | 1 | _aGrandes genio de la literatura universal | |
| 500 | _aLa biblioteca posee la primera y segunda parte | ||
| 504 | _aIncluye referencias bibliográficas y notas al pie de las páginas | ||
| 650 | 4 |
_aPoesía italiana _94554 |
|
| 650 | 4 |
_aLiteratura italiana _yANTERIOR A 1400 _913826 |
|
| 700 | 1 | _etr. | |
| 830 | 0 |
_aGrandes genio de la literatura universal _965899 |
|
| 049 | _aEn proceso | ||
| 999 |
_c39198 _d39198 |
||